000 00929nam a22002417a 4500
003 OSt
005 20250206100615.0
008 230209b ||||| |||| 00| 0 eng d
040 _cAL
041 _aKannada
082 _223
_aK894.3
_bVASD
100 _aM T Vasudevan Nayar:
_9198015
100 _971689
_d ಎಂ ಟಿ ವಾಸುದೇವನ್ ನಾಯರ್
245 _aDurbeeja
_bದುರ್ಬೀಜ
260 _aKundapura
_bSuraganga Publications
_c2000
300 _a307p.
_bPB
_c21x14cm.
365 _2Kannada
_b120.00
_c
_d120.00
650 _aKannada Fiction: ಕನ್ನಡ ಕಾದಂಬರಿ
_971682
650 _aKannada Literature:ಕನ್ನಡ ಸಾಹಿತ್ಯ
_971683
700 _aNAYAR (M T Vasudevan): ನಾಯರ್ (ಎಂ ಟಿ ವಾಸುದೇವನ್)
_971684
700 _aAITHAL (Parvathi G): ಐತಾಳ್ (ಪಾರ್ವತಿ ಜಿ) Tr
_971690
942 _2ddc
_cDB
999 _c226631
_d226631